000
00289nam a2200133Ia 4500
008
230312s9999||||xx |||||||||||||| ||und||
020
_a
978-1259-663048
082
_a
339
_b
COL-M
100
_a
Colander
245
0
_a
Macroeconomics
300
_a
849
650
_a
Management
942
_c
BK
999
_c
14838
_d
14838